000 00618nam a2200193Ia 4500
003 GCL
008 140319s9999 xx 000 0 ara d
040 _aGCL /
_cGCL
082 0 4 _a615.882
_bب د
100 1 _aبروس، ديبرا فلوجم
245 1 0 _aالدليل غير الرسمى - الطب البديل /
_cبروس، ديبرا فلوجم
700 1 _aمايلوين، هاريس
250 _aالاولى
260 _aالرياض :
_bمكتبة جرير ،
_c2002
300 _a544 ص ؛
_c20 سم
650 0 4 _aالرعاية الصحية
650 0 4 _aالطب الشعبى
942 _2ddc
_cBK
999 _c5356
_d5356